The administration of the Mughul Empire. (Record no. 77604)
[ view plain ]
| 000 -LEADER | |
|---|---|
| fixed length control field | 00702nam a22002411 4500 |
| 001 - CONTROL NUMBER | |
| control field | sa 68000981 |
| 003 - CONTROL NUMBER IDENTIFIER | |
| control field | DLC |
| 005 - DATE AND TIME OF LATEST TRANSACTION | |
| control field | 20260227112429.0 |
| 008 - FIXED-LENGTH DATA ELEMENTS--GENERAL INFORMATION | |
| fixed length control field | 711108s1966 pk b 00000 eng |
| 010 ## - LIBRARY OF CONGRESS CONTROL NUMBER | |
| LC control number | sa 68000981 |
| 025 ## - OVERSEAS ACQUISITION NUMBER | |
| Overseas acquisition number | PL480:P-E-1218 |
| 043 ## - GEOGRAPHIC AREA CODE | |
| Geographic area code | a-ii--- |
| 050 0# - LIBRARY OF CONGRESS CALL NUMBER | |
| Classification number | JQ211 |
| Item number | .Q7 |
| 100 10 - MAIN ENTRY--PERSONAL NAME | |
| Personal name | Qureshi, Ishtiaq Husain. |
| 245 14 - TITLE STATEMENT | |
| Title | The administration of the Mughul Empire. |
| 260 0# - PUBLICATION, DISTRIBUTION, ETC. | |
| Place of publication, distribution, etc. | [Karachi] |
| Name of publisher, distributor, etc. | University of Karachi, |
| Date of publication, distribution, etc. | 1966. |
| 300 ## - PHYSICAL DESCRIPTION | |
| Extent | 340 p. |
| Dimensions | 23 cm. |
| 350 ## - PRICE (NR) (BK AM CF MU VM SE) [OBSOLETE] | |
| Price | Rs20 |
| -- | $8 |
| 490 0# - SERIES STATEMENT | |
| Series statement | Publications of the University of Karachi |
| 500 ## - GENERAL NOTE | |
| General note | Includes passages in Arabic. |
| 504 ## - BIBLIOGRAPHY, ETC. NOTE | |
| Bibliography, etc. note | Bibliography: p. [297]-309. |
| 651 #0 - SUBJECT ADDED ENTRY--GEOGRAPHIC NAME | |
| Geographic name | Mogul Empire |
| General subdivision | Politics and government. |
No items available.